Estudio analítico de la interpretación simultánea desde la Teoría de los Actos de Habla: los discursos de Mariano Rajoy en 2017 sobre el Referéndum de Cataluña como modelo / (رقم التسجيلة. 180059)

تفاصيل مارك
000 -LEADER
fixed length control field 04634namaa22004331i 4500
003 - CONTROL NUMBER IDENTIFIER
control field EG-GICUC
005 - أخر تعامل مع التسجيلة
control field 20260510112902.0
008 - FIXED-LENGTH DATA ELEMENTS--GENERAL INFORMATION
fixed length control field 260510s2025 ua a|||frm||| 000 0 eng d
040 ## - CATALOGING SOURCE
Original cataloguing agency EG-GICUC
Language of cataloging eng
Transcribing agency EG-GICUC
Modifying agency EG-GICUC
Description conventions rda
041 0# - LANGUAGE CODE
Language code of text/sound track or separate title eng
Language code of summary or abstract eng
-- ara
049 ## - Acquisition Source
Acquisition Source Deposit
082 04 - DEWEY DECIMAL CLASSIFICATION NUMBER
Classification number 421.1
092 ## - LOCALLY ASSIGNED DEWEY CALL NUMBER (OCLC)
Classification number 421.1
Edition number 21
097 ## - Degree
Degree M.A
099 ## - LOCAL FREE-TEXT CALL NUMBER (OCLC)
Local Call Number Cai01.02.16.M.A.2025.Ra.E
100 0# - MAIN ENTRY--PERSONAL NAME
Authority record control number or standard number Rahma Zakaria Barakat,
Preparation preparation.
245 10 - TITLE STATEMENT
Title Estudio analítico de la interpretación simultánea desde la Teoría de los Actos de Habla: los discursos de Mariano Rajoy en 2017 sobre el Referéndum de Cataluña como modelo /
Statement of responsibility, etc. by Rahma Zakaria Barakat ; Supervisors Drª. Yasmín Ahmed Abdel Aziz, Dr. Ali Mohamed Abdel-Latif.
246 15 - VARYING FORM OF TITLE
Title proper/short title دراسة تحليلية للترجمة الفورية من واقع نظرية أفعال الكلام :
Remainder of title خطابات ماريانو راخوي في 2017 حول استفتاء كتالونيا نموذجـاً
264 #0 - PRODUCTION, PUBLICATION, DISTRIBUTION, MANUFACTURE, AND COPYRIGHT NOTICE
Date of production, publication, distribution, manufacture, or copyright notice 2025.
300 ## - PHYSICAL DESCRIPTION
Extent 171 pages :
Other physical details illustrations ;
Dimensions 25 cm. +
Accompanying material CD.
336 ## - CONTENT TYPE
Content type term text
Source rda content
337 ## - MEDIA TYPE
Media type term Unmediated
Source rdamedia
338 ## - CARRIER TYPE
Carrier type term volume
Source rdacarrier
502 ## - DISSERTATION NOTE
Dissertation note Thesis (M.A)-Cairo University, 2025.
504 ## - BIBLIOGRAPHY, ETC. NOTE
Bibliography, etc. note Bibliography: pages 117-127.
520 #3 - SUMMARY, ETC.
Summary, etc. This study offers an analysis of the simultaneous interpretation into Arabic of Mariano Rajoy's political speeches on the Catalan Referendum at 2017. We explore how interpreters proceed with political speeches, we list the discursive elements used in this type of speeches and we analyze the simultaneous interpretation of these elements from the perspective of Austin’s theory of speech acts (1962). It is also worth mentioning that the analysis will include both modalities of simultaneous interpretation: direct and indirect.<br/> These speeches were chosen because they reflect the Catalan conflict in the period of 2017 which is a complex and delicate issue that affects politics, economy, culture of Spanish society and that up to this moment has not ended. We explore through analysis how the discursive elements in these speeches were interpreted, then we address the difficulties faced by the interpreter.
520 #3 - SUMMARY, ETC.
Summary, etc. تُحلل هذه الدراسة الترجمة الفورية إلى العربية لخطابات ماريانو راخوي السياسية خلال استفتاء كتالونيا عام ٢٠١٧. الهدف الرئيسي هو استكشاف كيفية تعامل المترجمين الفوريين مع هذا النوع من الخطابات، وتحديد الاستراتيجيات الخطابية المستخدمة، والتحقق من كيفية تفسيرها في النسخة العربية، وهل تعكس الفعل الإلقاءي أم لا من واقع نظرية أفعال الكلام لجون أوستن (١٩٦٢).<br/>تتكون مجموعة الدراسة من مجموعة مختارة من خطابات ماريانو راخوي التي أُلقيت خلال الصراع الكتالوني، والتي تم تحليلها في نسخها المترجمة إلى العربية. كما تُقارن الدراسة بين نمطي الترجمة الفورية - المباشرة وغير المباشرة - لتحديد اختلافاتهما في نقل الرسالة السياسية.<br/>تكشف النتائج أن الاستراتيجيات الخطابية تؤثر بشكل كبير على جودة الترجمة، وأن الحفاظ على الفعل الإلقاءي أمر بالغ الأهمية لضمان نقل الرسالة بأمانة وفعالية. وبشكل عام، يقدم هذا البحث منظورًا تحليليًا وتطبيقيًا للعلاقة بين الخطاب السياسي والبراغماتية وممارسة الترجمة الفورية.
530 ## - ADDITIONAL PHYSICAL FORM AVAILABLE NOTE
Issues CD Issues also as CD.
546 ## - LANGUAGE NOTE
Text Language Text in English and abstract in Arabic & English.
650 #0 - SUBJECT ADDED ENTRY--TOPICAL TERM
Topical term or geographic name entry element Spanish language and literature
650 #0 - SUBJECT ADDED ENTRY--TOPICAL TERM
Topical term or geographic name entry element اللغة الإسبانية وآدابها
653 #1 - INDEX TERM--UNCONTROLLED
Uncontrolled term Political speech
-- Speech Act Theory
-- Simultaneous interpretation (ES-AR)
-- Catalan referendum
-- Discursive strategies
-- الخطابات السياسية
-- نظرية أفعال الكلام
700 0# - ADDED ENTRY--PERSONAL NAME
Personal name Yasmín Ahmed Abdel Aziz
Relator term thesis advisor.
700 0# - ADDED ENTRY--PERSONAL NAME
Personal name Ali Mohamed Abdel-Latif
Relator term thesis advisor.
900 ## - Thesis Information
Grant date 01-01-2025
Supervisory body Yasmín Ahmed Abdel Aziz
-- Ali Mohamed Abdel-Latif
Universities Cairo University
Faculties Faculty of Arts
Department Department of Spanish language and literature
905 ## - Cataloger and Reviser Names
Cataloger Name Shimaa
942 ## - ADDED ENTRY ELEMENTS (KOHA)
Source of classification or shelving scheme Dewey Decimal Classification
Koha item type Thesis
Edition 21
Suppress in OPAC No
المقتنيات
Source of classification or shelving scheme Home library Current library Date acquired Inventory number Full call number Barcode Date last seen Effective from Koha item type
Dewey Decimal Classification المكتبة المركزبة الجديدة - جامعة القاهرة قاعة الرسائل الجامعية - الدور الاول 10.05.2026 93992 Cai01.02.16.M.A.2025.Ra.E 01010110093992000 10.05.2026 10.05.2026 Thesis
Cairo University Libraries Portal Implemented & Customized by: Eng. M. Mohamady Contacts: new-lib@cl.cu.edu.eg | cnul@cl.cu.edu.eg
CUCL logo CNUL logo
© All rights reserved — Cairo University Libraries
CUCL logo
Implemented & Customized by: Eng. M. Mohamady Contact: new-lib@cl.cu.edu.eg © All rights reserved — New Central Library
CNUL logo
Implemented & Customized by: Eng. M. Mohamady Contact: cnul@cl.cu.edu.eg © All rights reserved — Cairo National University Library